Testovanie validity modelu CAPM a možnosti jeho modifikácie

Analýza empirických štúdií Black Jansen&Scholesa, Fama&MackBetha a Blumeho&Frienda.

Saved in:
Bibliographic Details
Main Author: Klieštik, Tomáš
Other Authors: Buc, Daniel
Format: Book Chapter
Language:Slovak
Subjects:
Tags: Add Tag
No Tags, Be the first to tag this record!

MARC

LEADER 00000naa a2200000 4500
001 0177109
005 20220715093959.6
041 0 |a slo 
044 |a SK 
245 1 0 |a Testovanie validity modelu CAPM a možnosti jeho modifikácie  |c Tomáš Klieštik, Daniel Buc 
520 |a Analýza empirických štúdií Black Jansen&Scholesa, Fama&MackBetha a Blumeho&Frienda. 
610 2 0 |a testovanie hypotéz 
610 2 0 |a volatilita 
610 2 0 |a portfólio 
610 2 0 |a model CAPM 
100 1 |a Klieštik, Tomáš 
700 1 |a Buc, Daniel